Vplyv konsolidácie územných samospráv na verejné financie a blahobyt obyvateľov bakalárska práca
Salvato in:
| Autore principale: | |
|---|---|
| Ente Autore: | |
| Altri autori: | |
| Natura: | Libro |
| Lingua: | slovacco |
| Pubblicazione: |
Bratislava
2023
|
| Tags: |
Nessun Tag, puoi essere il primo ad aggiungerne!!
|
MARC
| LEADER | 00000nbm a2200000 4500 | ||
|---|---|---|---|
| 001 | 0294662 | ||
| 005 | 20231110123312.8 | ||
| 041 | 0 | |a slo | |
| 044 | |a SK | ||
| 245 | 1 | 0 | |a Vplyv konsolidácie územných samospráv na verejné financie a blahobyt obyvateľov |b bakalárska práca |c Mária Kavuláková ; školiteľ: Erika Neubauerová |
| 264 | 1 | |a Bratislava |c 2023 | |
| 300 | |a 42 s. | ||
| 100 | 1 | |a Kavuláková, Mária | |
| 700 | 1 | |a Neubauerová, Erika, 1968- | |
| 710 | 2 | |a Národohospodárska fakulta EU. Katedra financií | |